Statistics for All Bloons Tower Defense 6 Towers

Click here to take the quiz!

General Stats

  • This quiz has been taken 113 times
  • The average score is 25 of 30

Answer Stats

TypeTower% Correct
PrimaryDart Monkey
98%
PrimaryBoomerang Monkey
95%
SupportEngineer Monkey
93%
PrimaryIce Monkey
93%
MilitarySniper Monkey
93%
PrimaryTack Shooter
93%
MagicWizard Monkey
93%
PrimaryBomb Shooter
92%
MagicDruid
92%
PrimaryGlue Gunner
91%
MilitaryHeli Pilot
91%
MagicNinja Monkey
91%
MilitaryMonkey Ace
90%
SupportMonkey Village
90%
SupportSpike Factory
90%
SupportBanana Farm
89%
MilitaryMonkey Sub
89%
MagicSuper Monkey
89%
HeroQuincy
88%
MagicAlchemist
85%
MilitaryMortar Monkey
84%
MilitaryMonkey Buccaneer
81%
HeroCaptain Churchill
76%
HeroBenjamin
75%
HeroAdora
69%
HeroGwendolin
69%
HeroStriker Jones
68%
HeroPat Fusty
64%
HeroObyn Greenfoot
63%
HeroEzili
59%

Score Distribution

Percentile by Number Answered

Percent of People with Each Score

Your Score History

You have not taken this quiz